| 000 | 00520nam a22001817a 4500 | ||
|---|---|---|---|
| 003 | CEME | ||
| 005 | 20210628205600.0 | ||
| 008 | 210308b xxu||||| |||| 00| 0 eng d | ||
| 020 | _a0-471-15564-0 | ||
| 040 | _c. | ||
| 082 | _a500 HAG'D | ||
| 100 |
_aHager, Peter J Scheiber, H. J _976117 |
||
| 245 | _aDesiging and delivering presentations scientific technical and managerial | ||
| 260 |
_aNEWYORK _bJOHN WILEY _c1997 |
||
| 300 | _a345P | ||
| 650 |
_aORAL COMMUNICATION PUBLIC SPEAKING ] _976118 |
||
| 942 |
_cBK _2ddc |
||
| 999 |
_c581542 _d581542 |
||